Current occupational & environmental medicine (Record no. 16104)
[ view plain ]
| 000 -LEADER | |
|---|---|
| fixed length control field | 00725nam a22002177a 4500 |
| 008 - FIXED-LENGTH DATA ELEMENTS--GENERAL INFORMATION | |
| fixed length control field | 160926b xxu||||| |||| 00| 0 eng d |
| 020 ## - INTERNATIONAL STANDARD BOOK NUMBER | |
| International Standard Book Number | 0071808156 |
| 040 ## - CATALOGING SOURCE | |
| Original cataloging agency | KABU |
| Transcribing agency | KABU |
| 050 ## - LIBRARY OF CONGRESS CALL NUMBER | |
| Classification number | RC963 |
| Item number | .C87 2014 c. 1 |
| 245 ## - TITLE STATEMENT | |
| Title | Current occupational & environmental medicine |
| Statement of responsibility, etc. | Joseph LaDou, Robert J. Harrison(eds.) |
| 246 ## - VARYING FORM OF TITLE | |
| Title proper/short title | Current diagnosis & treatment |
| 250 ## - EDITION STATEMENT | |
| Edition statement | 5th ed. |
| 260 ## - PUBLICATION, DISTRIBUTION, ETC. (IMPRINT) | |
| Place of publication, distribution, etc. | New York |
| Name of publisher, distributor, etc. | McGraw-Hill Education |
| Date of publication, distribution, etc. | 2014 |
| 300 ## - PHYSICAL DESCRIPTION | |
| Extent | xii, 911 p. |
| 650 ## - SUBJECT ADDED ENTRY--TOPICAL TERM | |
| Topical term or geographic name as entry element | Medicine, Industrial |
| 650 ## - SUBJECT ADDED ENTRY--TOPICAL TERM | |
| Topical term or geographic name as entry element | Environmentally induced diseases |
| 650 ## - SUBJECT ADDED ENTRY--TOPICAL TERM | |
| Topical term or geographic name as entry element | Environmental health |
| 700 ## - ADDED ENTRY--PERSONAL NAME | |
| Personal name | LaDou, Joseph |
| 700 ## - ADDED ENTRY--PERSONAL NAME | |
| Personal name | Harrison, Robert J. |
| 942 ## - ADDED ENTRY ELEMENTS (KOHA) | |
| Source of classification or shelving scheme | Library of Congress Classification |
| Koha item type | General Collection |
| Edition | 5th ed. |
| Classification part | RC963 .C87 2014 c. 1 |
| Withdrawn status | Lost status | Source of classification or shelving scheme | Not for loan | Home library | Current library | Shelving location | Date acquired | Cost, normal purchase price | Total Checkouts | Full call number | Barcode | Date last seen | Date last checked out | Copy number | Price effective from | Koha item type |
|---|---|---|---|---|---|---|---|---|---|---|---|---|---|---|---|---|
| Library of Congress Classification | Kabarak, Main Campus | Kabarak, Main Campus | General Stacks | 26/09/2016 | 12.00 | 1 | RC963 .C87 2014 c. 1 | 026656 | 11/12/2017 | 08/12/2017 | c. 1 | 26/09/2016 | General Collection | |||
| Library of Congress Classification | Kabarak, Main Campus | Kabarak, Main Campus | General Stacks | 26/09/2016 | 12.00 | RC963 .C87 2014 c. 2 | 026658 | 26/09/2016 | c. 2 | 26/09/2016 | General Collection | |||||
| Library of Congress Classification | Kabarak, Main Campus | Kabarak, Main Campus | General Stacks | 26/09/2016 | 12.00 | RC963 .C87 2014 c. 3 | 026660 | 26/09/2016 | c. 3 | 26/09/2016 | General Collection | |||||
| Library of Congress Classification | Kabarak, Main Campus | Kabarak, Main Campus | General Stacks | 26/09/2016 | 12.00 | RC963 .C87 2014 c. 4 | 026657 | 26/09/2016 | c. 4 | 26/09/2016 | General Collection | |||||
| Library of Congress Classification | Kabarak, Main Campus | Kabarak, Main Campus | General Stacks | 26/09/2016 | 12.00 | 1 | RC963 .C87 2014 c. 5 | 026659 | 29/01/2019 | 15/01/2019 | c. 5 | 26/09/2016 | General Collection |